The Macmillan dictionary of biography / (Record no. 3252)

000 -LEADER
fixed length control field 00792cam a2200265 a 4500
001 - CONTROL NUMBER
control field 2411270
003 - CONTROL NUMBER IDENTIFIER
control field OSt
005 - DATE AND TIME OF LATEST TRANSACTION
control field 20160915164540.0
008 - FIXED-LENGTH DATA ELEMENTS--GENERAL INFORMATION
fixed length control field 860409s1986 at d 000 0ceng
010 ## - LIBRARY OF CONGRESS CONTROL NUMBER
LC control number 86142781
020 ## - INTERNATIONAL STANDARD BOOK NUMBER
International Standard Book Number 0333400364
020 ## - INTERNATIONAL STANDARD BOOK NUMBER
International Standard Book Number 0333400372 (pbk.)
040 ## - CATALOGING SOURCE
Original cataloging agency DLC
Transcribing agency DLC
Modifying agency DLC
050 00 - LIBRARY OF CONGRESS CALL NUMBER
Classification number CT103.J693 1986
082 00 - DEWEY DECIMAL CLASSIFICATION NUMBER
Classification number 920/.02
Edition number 19
100 1# - MAIN ENTRY--PERSONAL NAME
Personal name Jones, Barry O.
245 14 - TITLE STATEMENT
Title The Macmillan dictionary of biography /
Statement of responsibility, etc Barry Jones and M.V. Dixon.
250 ## - EDITION STATEMENT
Edition statement Fully rev. and updated ed.
260 ## - PUBLICATION, DISTRIBUTION, ETC. (IMPRINT)
Place of publication, distribution, etc South Melbourne :
Name of publisher, distributor, etc Macmillan Co. of Australia,
Date of publication, distribution, etc 1986.
300 ## - PHYSICAL DESCRIPTION
Extent 917 p. ;
Dimensions 25 cm.
650 #0 - SUBJECT ADDED ENTRY--TOPICAL TERM
Topical term or geographic name as entry element Biography
General subdivision Dictionaries.
700 1# - ADDED ENTRY--PERSONAL NAME
Personal name Dixon, M. V.
Fuller form of name (Meredith Vibart),
Dates associated with a name 1898-
906 ## - LOCAL DATA ELEMENT F, LDF (RLIN)
a 7
b cbc
c orignew
d 2
e ncip
f 19
g y-gencatlg
942 ## - ADDED ENTRY ELEMENTS (KOHA)
Source of classification or shelving scheme
Koha item type Book

No items available.


Riara University Library,
P.O. Box 49940-00100,
Nairobi, Kenya.